<?xml version="1.0" encoding="UTF-8"?>
<record
    xmlns:xsi="http://www.w3.org/2001/XMLSchema-instance"
    xsi:schemaLocation="http://www.loc.gov/MARC21/slim http://www.loc.gov/standards/marcxml/schema/MARC21slim.xsd"
    xmlns="http://www.loc.gov/MARC21/slim">

  <leader>01455cam a22003854a 4500</leader>
  <controlfield tag="001">14171278</controlfield>
  <controlfield tag="003">Nust- CAS-E</controlfield>
  <controlfield tag="005">20180118181352.0</controlfield>
  <controlfield tag="008">051117s2006    njua     b    001 0 eng  </controlfield>
  <datafield tag="010" ind1=" " ind2=" ">
    <subfield code="a">  2005033603</subfield>
  </datafield>
  <datafield tag="015" ind1=" " ind2=" ">
    <subfield code="a">GBA657266</subfield>
    <subfield code="2">bnb</subfield>
  </datafield>
  <datafield tag="016" ind1="7" ind2=" ">
    <subfield code="a">013499621</subfield>
    <subfield code="2">Uk</subfield>
  </datafield>
  <datafield tag="020" ind1=" " ind2=" ">
    <subfield code="a">0471698679</subfield>
  </datafield>
  <datafield tag="020" ind1=" " ind2=" ">
    <subfield code="a">9780471698678 </subfield>
  </datafield>
  <datafield tag="035" ind1=" " ind2=" ">
    <subfield code="a">(OCoLC)ocm62326783</subfield>
  </datafield>
  <datafield tag="035" ind1=" " ind2=" ">
    <subfield code="a">(OCoLC)62326783</subfield>
  </datafield>
  <datafield tag="040" ind1=" " ind2=" ">
    <subfield code="a">DLC</subfield>
    <subfield code="c">DLC</subfield>
    <subfield code="d">BAKER</subfield>
    <subfield code="d">UKM</subfield>
    <subfield code="d">C#P</subfield>
    <subfield code="d">VP@</subfield>
    <subfield code="d">COO</subfield>
    <subfield code="d">YDXCP</subfield>
    <subfield code="d">OCLCQ</subfield>
    <subfield code="d">BTCTA</subfield>
    <subfield code="d">E3Q</subfield>
    <subfield code="d">DLC</subfield>
  </datafield>
  <datafield tag="042" ind1=" " ind2=" ">
    <subfield code="a">pcc</subfield>
  </datafield>
  <datafield tag="050" ind1="0" ind2="0">
    <subfield code="a">TJ810</subfield>
    <subfield code="b">.D82 2006</subfield>
  </datafield>
  <datafield tag="082" ind1="0" ind2="0">
    <subfield code="a">621.47</subfield>
    <subfield code="2">22</subfield>
    <subfield code="b">DUF 2006</subfield>
  </datafield>
  <datafield tag="100" ind1="1" ind2=" ">
    <subfield code="a">Duffie, John A.</subfield>
  </datafield>
  <datafield tag="245" ind1="1" ind2="0">
    <subfield code="a">Solar engineering of thermal processes /</subfield>
    <subfield code="c">John A. Duffie, William A. Beckman.</subfield>
  </datafield>
  <datafield tag="250" ind1=" " ind2=" ">
    <subfield code="a">3rd ed.</subfield>
  </datafield>
  <datafield tag="260" ind1=" " ind2=" ">
    <subfield code="a">Hoboken, N.J. :</subfield>
    <subfield code="b">Wiley,</subfield>
    <subfield code="c">c2006.</subfield>
  </datafield>
  <datafield tag="300" ind1=" " ind2=" ">
    <subfield code="a">xix, 908 p. :</subfield>
    <subfield code="b">ill. ;</subfield>
    <subfield code="c">25 cm.</subfield>
  </datafield>
  <datafield tag="504" ind1=" " ind2=" ">
    <subfield code="a">Includes bibliographical references and index.</subfield>
  </datafield>
  <datafield tag="650" ind1=" " ind2="0">
    <subfield code="a">Solar energy.</subfield>
  </datafield>
  <datafield tag="700" ind1="1" ind2=" ">
    <subfield code="a">Beckman, William A.</subfield>
  </datafield>
  <datafield tag="856" ind1="4" ind2="1">
    <subfield code="3">Table of contents</subfield>
    <subfield code="u">http://www.loc.gov/catdir/toc/ecip063/2005033603.html</subfield>
  </datafield>
  <datafield tag="856" ind1="4" ind2="2">
    <subfield code="3">Contributor biographical information</subfield>
    <subfield code="u">http://www.loc.gov/catdir/enhancements/fy0827/2005033603-b.html</subfield>
  </datafield>
  <datafield tag="856" ind1="4" ind2="2">
    <subfield code="3">Publisher description</subfield>
    <subfield code="u">http://www.loc.gov/catdir/enhancements/fy0827/2005033603-d.html</subfield>
  </datafield>
  <datafield tag="906" ind1=" " ind2=" ">
    <subfield code="a">7</subfield>
    <subfield code="b">cbc</subfield>
    <subfield code="c">orignew</subfield>
    <subfield code="d">1</subfield>
    <subfield code="e">ecip</subfield>
    <subfield code="f">20</subfield>
    <subfield code="g">y-gencatlg</subfield>
  </datafield>
  <datafield tag="942" ind1=" " ind2=" ">
    <subfield code="2">ddc</subfield>
    <subfield code="c">BK</subfield>
  </datafield>
  <datafield tag="999" ind1=" " ind2=" ">
    <subfield code="c">355182</subfield>
    <subfield code="d">355182</subfield>
  </datafield>
  <datafield tag="952" ind1=" " ind2=" ">
    <subfield code="0">0</subfield>
    <subfield code="1">0</subfield>
    <subfield code="2">ddc </subfield>
    <subfield code="4">0</subfield>
    <subfield code="7">0</subfield>
    <subfield code="a">CAS-E</subfield>
    <subfield code="b">CAS-E</subfield>
    <subfield code="c">GEN</subfield>
    <subfield code="d">2013-04-09</subfield>
    <subfield code="e">Victoria co</subfield>
    <subfield code="l">4</subfield>
    <subfield code="m">2</subfield>
    <subfield code="o">621.47 DUF 2006</subfield>
    <subfield code="p">CAS-E0000001</subfield>
    <subfield code="r">2016-02-01</subfield>
    <subfield code="s">2015-12-28</subfield>
    <subfield code="t">01</subfield>
    <subfield code="v">16206.00</subfield>
    <subfield code="w">2014-01-31</subfield>
    <subfield code="y">BK</subfield>
  </datafield>
  <datafield tag="952" ind1=" " ind2=" ">
    <subfield code="0">0</subfield>
    <subfield code="1">0</subfield>
    <subfield code="2">ddc </subfield>
    <subfield code="4">0</subfield>
    <subfield code="7">0</subfield>
    <subfield code="a">CAS-E</subfield>
    <subfield code="b">CAS-E</subfield>
    <subfield code="c">GEN</subfield>
    <subfield code="d">2013-04-09</subfield>
    <subfield code="e">Victoria co</subfield>
    <subfield code="l">3</subfield>
    <subfield code="m">2</subfield>
    <subfield code="o">621.47 DUF 2006</subfield>
    <subfield code="p">CAS-E0000002</subfield>
    <subfield code="r">2016-11-04</subfield>
    <subfield code="s">2016-10-18</subfield>
    <subfield code="t">02</subfield>
    <subfield code="v">16206.00</subfield>
    <subfield code="w">2014-02-18</subfield>
    <subfield code="y">BK</subfield>
  </datafield>
  <datafield tag="952" ind1=" " ind2=" ">
    <subfield code="0">0</subfield>
    <subfield code="1">0</subfield>
    <subfield code="2">ddc </subfield>
    <subfield code="4">0</subfield>
    <subfield code="7">0</subfield>
    <subfield code="8">NFIC</subfield>
    <subfield code="a">CAS-E</subfield>
    <subfield code="b">CAS-E</subfield>
    <subfield code="c">GEN</subfield>
    <subfield code="d">2013-04-23</subfield>
    <subfield code="e">Anas Traders</subfield>
    <subfield code="l">2</subfield>
    <subfield code="o">621.47 DUF 2006</subfield>
    <subfield code="p">CAS-E0000303</subfield>
    <subfield code="r">2016-09-20</subfield>
    <subfield code="s">2016-06-27</subfield>
    <subfield code="t">03</subfield>
    <subfield code="v">0.00</subfield>
    <subfield code="w">2014-07-21</subfield>
    <subfield code="y">BK</subfield>
  </datafield>
  <datafield tag="952" ind1=" " ind2=" ">
    <subfield code="0">0</subfield>
    <subfield code="1">0</subfield>
    <subfield code="2">ddc </subfield>
    <subfield code="4">0</subfield>
    <subfield code="7">0</subfield>
    <subfield code="8">NFIC</subfield>
    <subfield code="a">CAS-E</subfield>
    <subfield code="b">CAS-E</subfield>
    <subfield code="c">GEN</subfield>
    <subfield code="d">2013-04-23</subfield>
    <subfield code="e">Anas Traders</subfield>
    <subfield code="l">0</subfield>
    <subfield code="o">621.47 DUF 2006</subfield>
    <subfield code="p">CAS-E0000304</subfield>
    <subfield code="r">2014-07-21</subfield>
    <subfield code="t">04</subfield>
    <subfield code="v">0.00</subfield>
    <subfield code="w">2014-07-21</subfield>
    <subfield code="y">BK</subfield>
  </datafield>
  <datafield tag="952" ind1=" " ind2=" ">
    <subfield code="0">0</subfield>
    <subfield code="1">0</subfield>
    <subfield code="2">ddc </subfield>
    <subfield code="4">0</subfield>
    <subfield code="7">0</subfield>
    <subfield code="8">NFIC</subfield>
    <subfield code="a">CAS-E</subfield>
    <subfield code="b">CAS-E</subfield>
    <subfield code="c">GEN</subfield>
    <subfield code="d">2013-04-23</subfield>
    <subfield code="e">Anas Traders</subfield>
    <subfield code="l">4</subfield>
    <subfield code="o">621.47 DUF 2006</subfield>
    <subfield code="p">CAS-E0000305</subfield>
    <subfield code="r">2016-06-01</subfield>
    <subfield code="s">2016-04-18</subfield>
    <subfield code="t">05</subfield>
    <subfield code="v">0.00</subfield>
    <subfield code="w">2014-07-21</subfield>
    <subfield code="y">BK</subfield>
  </datafield>
  <datafield tag="952" ind1=" " ind2=" ">
    <subfield code="0">0</subfield>
    <subfield code="1">0</subfield>
    <subfield code="2">ddc </subfield>
    <subfield code="4">0</subfield>
    <subfield code="7">0</subfield>
    <subfield code="8">NFIC</subfield>
    <subfield code="a">CAS-E</subfield>
    <subfield code="b">CAS-E</subfield>
    <subfield code="c">GEN</subfield>
    <subfield code="d">2013-04-23</subfield>
    <subfield code="e">Anas Traders</subfield>
    <subfield code="l">2</subfield>
    <subfield code="m">1</subfield>
    <subfield code="o">621.47 DUF 2006</subfield>
    <subfield code="p">CAS-E0000306</subfield>
    <subfield code="r">2016-01-13</subfield>
    <subfield code="s">2015-12-28</subfield>
    <subfield code="t">06</subfield>
    <subfield code="v">0.00</subfield>
    <subfield code="w">2014-07-21</subfield>
    <subfield code="y">BK</subfield>
  </datafield>
  <datafield tag="952" ind1=" " ind2=" ">
    <subfield code="0">0</subfield>
    <subfield code="1">0</subfield>
    <subfield code="2">ddc </subfield>
    <subfield code="4">0</subfield>
    <subfield code="7">0</subfield>
    <subfield code="8">NFIC</subfield>
    <subfield code="a">CAS-E</subfield>
    <subfield code="b">CAS-E</subfield>
    <subfield code="c">GEN</subfield>
    <subfield code="d">2013-04-23</subfield>
    <subfield code="e">Anas Traders</subfield>
    <subfield code="l">3</subfield>
    <subfield code="o">621.47 DUF 2006</subfield>
    <subfield code="p">CAS-E0000307</subfield>
    <subfield code="r">2016-01-08</subfield>
    <subfield code="s">2015-12-07</subfield>
    <subfield code="t">07</subfield>
    <subfield code="v">0.00</subfield>
    <subfield code="w">2014-07-21</subfield>
    <subfield code="y">BK</subfield>
  </datafield>
  <datafield tag="952" ind1=" " ind2=" ">
    <subfield code="0">0</subfield>
    <subfield code="1">0</subfield>
    <subfield code="2">ddc </subfield>
    <subfield code="4">0</subfield>
    <subfield code="7">0</subfield>
    <subfield code="8">NFIC</subfield>
    <subfield code="a">CAS-E</subfield>
    <subfield code="b">CAS-E</subfield>
    <subfield code="c">GEN</subfield>
    <subfield code="d">2013-04-23</subfield>
    <subfield code="e">Anas Traders</subfield>
    <subfield code="l">3</subfield>
    <subfield code="m">1</subfield>
    <subfield code="o">621.47 DUF 2006</subfield>
    <subfield code="p">CAS-E0000308</subfield>
    <subfield code="r">2016-06-08</subfield>
    <subfield code="s">2016-04-15</subfield>
    <subfield code="t">8</subfield>
    <subfield code="v">0.00</subfield>
    <subfield code="w">2014-07-21</subfield>
    <subfield code="y">BK</subfield>
  </datafield>
  <datafield tag="952" ind1=" " ind2=" ">
    <subfield code="0">0</subfield>
    <subfield code="1">0</subfield>
    <subfield code="2">ddc </subfield>
    <subfield code="4">0</subfield>
    <subfield code="7">0</subfield>
    <subfield code="8">NFIC</subfield>
    <subfield code="a">CAS-E</subfield>
    <subfield code="b">CAS-E</subfield>
    <subfield code="c">GEN</subfield>
    <subfield code="d">2013-04-23</subfield>
    <subfield code="e">Anas Traders</subfield>
    <subfield code="l">2</subfield>
    <subfield code="o">621.47 DUF 2006</subfield>
    <subfield code="p">CAS-E0000309</subfield>
    <subfield code="r">2015-12-01</subfield>
    <subfield code="s">2015-11-17</subfield>
    <subfield code="t">09</subfield>
    <subfield code="v">0.00</subfield>
    <subfield code="w">2014-07-21</subfield>
    <subfield code="y">BK</subfield>
  </datafield>
  <datafield tag="952" ind1=" " ind2=" ">
    <subfield code="0">0</subfield>
    <subfield code="1">0</subfield>
    <subfield code="2">ddc </subfield>
    <subfield code="4">0</subfield>
    <subfield code="7">0</subfield>
    <subfield code="8">NFIC</subfield>
    <subfield code="a">CAS-E</subfield>
    <subfield code="b">CAS-E</subfield>
    <subfield code="c">CHILD</subfield>
    <subfield code="d">2013-04-23</subfield>
    <subfield code="e">Anas Traders</subfield>
    <subfield code="l">6</subfield>
    <subfield code="m">1</subfield>
    <subfield code="o">621.47 DUF 2006</subfield>
    <subfield code="p">CAS-E0000310</subfield>
    <subfield code="r">2016-10-05</subfield>
    <subfield code="s">2016-08-26</subfield>
    <subfield code="t">10</subfield>
    <subfield code="v">0.00</subfield>
    <subfield code="w">2014-07-21</subfield>
    <subfield code="y">BK</subfield>
  </datafield>
  <datafield tag="952" ind1=" " ind2=" ">
    <subfield code="0">0</subfield>
    <subfield code="1">0</subfield>
    <subfield code="2">ddc </subfield>
    <subfield code="4">0</subfield>
    <subfield code="7">0</subfield>
    <subfield code="8">NFIC</subfield>
    <subfield code="a">CAS-E</subfield>
    <subfield code="b">CAS-E</subfield>
    <subfield code="c">GEN</subfield>
    <subfield code="d">2013-04-23</subfield>
    <subfield code="e">Anas Traders</subfield>
    <subfield code="l">0</subfield>
    <subfield code="o">621.47 DUF 2006</subfield>
    <subfield code="p">CAS-E0000311</subfield>
    <subfield code="r">2014-07-21</subfield>
    <subfield code="t">11</subfield>
    <subfield code="v">0.00</subfield>
    <subfield code="w">2014-07-21</subfield>
    <subfield code="y">BK</subfield>
  </datafield>
  <datafield tag="952" ind1=" " ind2=" ">
    <subfield code="0">0</subfield>
    <subfield code="1">0</subfield>
    <subfield code="2">ddc </subfield>
    <subfield code="4">0</subfield>
    <subfield code="7">0</subfield>
    <subfield code="8">NFIC</subfield>
    <subfield code="a">CAS-E</subfield>
    <subfield code="b">CAS-E</subfield>
    <subfield code="c">GEN</subfield>
    <subfield code="d">2013-04-23</subfield>
    <subfield code="e">Anas Traders</subfield>
    <subfield code="l">1</subfield>
    <subfield code="o">621.47 DUF 2006</subfield>
    <subfield code="p">CAS-E0000312</subfield>
    <subfield code="r">2016-07-20</subfield>
    <subfield code="s">2015-11-27</subfield>
    <subfield code="t">12</subfield>
    <subfield code="v">0.00</subfield>
    <subfield code="w">2014-07-21</subfield>
    <subfield code="y">BK</subfield>
  </datafield>
</record>
